Akumulácia devízových rezerv, finančné cykly a makroekonomická politika diplomová práca

Salvato in:
Dettagli Bibliografici
Autore principale: Bohušová, Simona
Ente Autore: Národohospodárska fakulta EU. Katedra bankovníctva a medzinárodných financií
Altri autori: Širaňová, Mária
Natura: Libro
Lingua:slovacco
Pubblicazione: Bratislava 2017
Tags: Aggiungi Tag
Nessun Tag, puoi essere il primo ad aggiungerne!!

MARC

LEADER 00000nbm a2200000 4500
001 0231786
005 20180112115532.0
041 0 |a slo 
044 |a SK 
245 1 0 |a Akumulácia devízových rezerv, finančné cykly a makroekonomická politika  |b diplomová práca  |c Simona Bohušová ; školiteľ: Mária Širaňová 
264 1 |a Bratislava  |c 2017 
300 |a 54 s. 
100 1 |a Bohušová, Simona 
700 1 |a Širaňová, Mária 
710 2 |a Národohospodárska fakulta EU. Katedra bankovníctva a medzinárodných financií